000 00721nam a2200193Ia 4500
008 151121s9999||||xx |||||||||||||| ||und||
082 _a783/कुलश्रे
082 _bHNW-58574
100 _aकुलश्रेष्ठ जगदीशसहाय
245 _aवंदना-संगीत
260 _b"संगीत कार्यालय, हाथरस,उत्तरप्रदेश"
260 _c--
300 _a53
600 _aकुलश्रेष्ठ जगदीशसहाय
630 _aवंदना-संगीत
700 _aकुलश्रेष्ठ जगदीशसहाय
730 _aवंदना-संगीत
942 _cBOOK
999 _c1240382
_d1240379